000 00406nam a22001457a 4500
008 250915b |||||||| |||| 00| 0 eng d
020 _a0333499212
050 _aS560
_b.J64
100 _aJohson David T
245 _aThe business of farming: A guide to farm business management in tropics
250 _a2nd
260 _aLondon
_bMacmillian education ltd.
_c1990
300 _avi,377p.
_bill.
942 _cBK
999 _c4486
_d4486